| 000 | 00518cam a22001697i 4500 | ||
|---|---|---|---|
| 999 |
_c12823 _d12823 |
||
| 003 | OSt | ||
| 005 | 20240716163223.0 | ||
| 008 | 210122s2021 inua 000 0 eng | ||
| 020 |
_a9781664154001 _q(paperback) |
||
| 040 |
_aDLC _beng _erda _cDLC _dDLC |
||
| 050 | 0 | 0 | _aMLCM 2022/40242 (N) |
| 082 | _a720 YET | ||
| 100 | 1 |
_aYetken, Cengiz, _eauthor. |
|
| 245 | 1 | 0 |
_aUnlearning architecture : _bLouis I. Kahn graduate studio and office / _cCengiz Yetken. |
| 300 |
_axviii, 305 pages : _billustrations ; _c23 cm |
||
| 942 | _2ddc | ||